000
00228nam a2200097Ia 4500
008
200302s9999 xx 000 0 und d
100
_a
Author
245
_a
Omni Culture & Series
260
_b
Archi World Co. Ltd.
300
_a
255 P.,
999
_c
5733
_d
5733